000 00329nam a22001217a 4500
005 20250910104224.0
041 _aENG
100 _aJain . S.K
245 _aBamboo Kutir Income Booster for Farmer by AGRO Tourism
260 _aDapoli
_bDr.BSKKV Dapoli
_c2017
650 _aFS
700 _aPathak.S.V , Kalse.S.B , Shahare.U.P , Rane.A.D
999 _c3287
_d3287